000 00516nam a2200193Ia 4500
003 GCL
008 140319s9999 xx 000 0 ara d
040 _aGCL /
_cGCL
082 0 4 _a546
_bت ك
100 1 _aتيلر، ك. ر
245 1 0 _aالكيمياء والانسان /
_cتيلر، ك. ر
700 1 _aحسن عابدين (مترجم)
300 _a245
490 _aالالف كتاب
_v0
650 0 4 _aالكيمياء
650 0 4 _aالفلزات
650 0 4 _aالقلويات
942 _2ddc
_cBK
999 _c43795
_d43795